000 00891nam a2200301Ia 4500
003 OSt
005 20220912145115.0
006 a|||||r|||| 00| 0
007 ta
008 220909b |||||||| |||| 00| 0 eng d
020 _a0070445338 (pbk)
024 _a81144
037 _b852, 06/10/2006, Vibha Books International
037 _cTextual
040 _aCSL
_beng
_cCSL
041 _aeng
082 _aD65,42, P1 TD
100 _aSkolnik Merrill L
245 0 _aIntroduction to radar systems
250 _a3
260 _aNew Delhi
_bTata McGraw-Hill Publishing
_c2001
300 _axii,772p.
_ccm.
500 _aIncludes bibliographical references; Index 763-772p
650 _a Computer Science
650 _aRadar
942 _hD65,42, P1 TD
_cTEXL
_2CC
999 _c23354
_d23354